000 00609nam a2200241Ia 4500
008 191130s2003##################000#0#eng##
020 _a9780486426792
040 _aACL
_cACL
082 _a823.8 DIC
100 _aDickens, Charles
245 _aThe old curiosity shop
_cCharles Dickens
260 _aMineola, NY
_bDover Publications
_c2003
300 _a452 p
650 _a00 - 1899
650 _aAntique dealers
650 _aEngland
650 _aGamblers
650 _aGirls
650 _aGrandfathers
990 _a501124f1ac10000c1e8bc6236828394f
991 _a409563
999 _c398310
_d398310